Origin of lead in eight central European peat bogs determined from isotope ratios, strengths, operation times of regional pollution sources /

Bewaard in:
Bibliografische gegevens
Andere auteurs: Brizova, Eva., Emmanuel, Simon., Erel, Yigal., Hovorka, Jan., Novak, Martin., Paes, Tomas., Stepanova, Marketa., Vanecek, Mirko., Veron, Alain., Vile, Melanie A., Wieder, R. Kelman.
Formaat: Artikel
Taal:English
Onderwerpen:
Tags: Voeg label toe
Geen labels, Wees de eerste die dit record labelt!
Thư viện lưu trữ: Thư viện Trường Đại học Đà Lạt
LEADER 01290nam a2200421 4500
001 DLU090093481
005 ##20091201
040 # # |a DLU  |b eng 
041 # # |a eng 
044 # # |a us 
245 # # |a Origin of lead in eight central European peat bogs determined from isotope ratios, strengths, operation times of regional pollution sources /  |c Martin Novak ... [et al.]. 
653 # # |a Air pollution 
653 # # |a Atmospheric fallout 
653 # # |a Geochronology 
653 # # |a Heavy metal 
653 # # |a Minerotrophic peat bog 
653 # # |a Ombrotrophic peat bog 
700 # # |a Brizova, Eva. 
700 # # |a Emmanuel, Simon. 
700 # # |a Erel, Yigal. 
700 # # |a Hovorka, Jan.  
700 # # |a Novak, Martin. 
700 # # |a Paes, Tomas. 
700 # # |a Stepanova, Marketa. 
700 # # |a Vanecek, Mirko. 
700 # # |a Veron, Alain. 
700 # # |a Vile, Melanie A. 
700 # # |a Wieder, R. Kelman. 
773 # # |t Environmental Science & Technology  |g Vol. 37, no. 3 (February 2003), p. 437-445 
920 # # |a Phòng Tạp chí -- Trung tâm Thông tin - Thư viện Trường Đại học Đà Lạt 
994 # # |a DLU 
900 # # |a True 
911 # # |a Trương Bảo Trâm Anh 
925 # # |a G 
926 # # |a A 
927 # # |a BB 
980 # # |a Thư viện Trường Đại học Đà Lạt